| 000 | 00553nam a2200217Ia 4500 | ||
|---|---|---|---|
| 999 |
_c4573 _d4573 |
||
| 001 | 20688275 | ||
| 003 | OSt | ||
| 005 | 20190124110700.0 | ||
| 008 | 891122s1970 onc 000 0 eng d | ||
| 040 |
_aBSC _cBSC |
||
| 082 |
_a235.4 _bW629R |
||
| 092 |
_a235.4 _bW629r |
||
| 100 | 1 | _aWhyte, H. A. Maxwell. | |
| 245 | 1 | 0 |
_aReturn to the pattern / _cby H. A. Maxwell Whyte. |
| 250 | _a2d ed. | ||
| 260 |
_aScarborough, Ontario : _bWhyte, _c1970. |
||
| 300 |
_a31 p. ; _c21 cm. |
||
| 650 | 0 | _aDemonology. | |
| 650 | 0 | _aGifts, Spiritual. | |
| 942 |
_2ddc _cBK |
||